01227nam a2200169 i 4500001000700000003000900007005001700016008004100033100003800074245015500112260006900267300002000336505057000356650003900926710003300965852005900998164268ES-MaACL20250811074512.0990924m18841889sp l |||| | spa d1 aSaenz Hérmua y Espinosa, Pedro.10aDiccionario recopilador de los puntos de derecho b: resueltos en sentencias del Tribunal Supremo de Justicia / cpor Pedro Saenz Hérmua y Espinosa. aMadrid : b[s.n.], c1884-1889 (fTip. de Manuel G. Hernández) a4 v. ; c21 cm.8 aI. Desde 1838 hasta fin de diciembre de 1881. Derecho civil y mercantil, legislaciones especiales y fueros, 1884 (603 p.) - II. Desde 1838 hasta fin de diciembre de 1883. Enjuiciamiento civil: precedido de un informe de la Real Academia de Jurisprudencia y Legislación, 1886 (706, [10] p.) - III. Desde 1838 hasta fin de diciembre de 1883. Materia criminal, 1886 (615 p.) - 4. Desde 26 de enero de 1869 a 28 de enero de 1875, con un índice de la legislación controvertida en materia civil y criminal y en los recursos contra la Administración, 1887 (574 p.)00aDerecho-zEspaña-vDiccionarios.1 aEspaña. bTribunal Supremo aES-MaACLjC-2990-93 z- Enc. hol. z- Sólo v. I-IV